| 000 | 01982nam a2200385 a 4500 | ||
|---|---|---|---|
| 001 | 0000366 | ||
| 003 | DO-SdBNP | ||
| 005 | 20180307091025.0 | ||
| 007 | 0000366 | ||
| 008 | 150602s2013 dr a 000 0 spa d | ||
| 020 | _a9789945444298 | ||
| 040 |
_aBPMSU _bspa _cBPMSU |
||
| 092 |
_a372.21 _bC965p, 2 años 2013 |
||
| 100 | 1 | _aCuello del Orbe, Elisa Ysabel | |
| 245 | 1 | 0 |
_aPequeño tesoro 0 : _bnivel inicial - 2 años de edad / _cElisa Ysabel Cuello del Orbe ; ilustraciones Wi-Hen Fung, Henri Cid ; producción editorial María del Jesús de la Rosa. |
| 260 |
_aSanto Domingo : _bActualidad escolar 2000, _c2013. |
||
| 300 |
_a v: _bil. ; _c22 cm. |
||
| 500 | _aEste libro ha sido realizado de acuerdo al curriculum vigente y ha sido sometido a la evaluación y aprobación del MINERD (Ministerio de Educación de República Dominicana) | ||
| 500 | _aPequeño tesoro 0 [nivel inicial - 2 años de edad ] es un cuaderno de trabajo integrado a niños (as) de edades comprendidas entre 2 y 3 años que presenta las actividades que debe realizar cada niño o niña en esta edad. Esta acompañado de un libro para el maestro que contiene las sugerencias metodológicas para trabajar las unidades didácticas. | ||
| 500 | _aPequeño tesoro 2 esta acompañado del libro del maestro. | ||
| 505 | 0 |
_tMi entorno escolar -- _tSoy persona, tengo familia -- _tAlimentos plantas y animales -- _t Mi comunidad local y nacional -- |
|
| 650 |
_aEDUCACIÓN PREESCOLAR _zREPÚBLICA DOMINICANA |
||
| 650 | _aEDUCACIÓN DE NIÑOS | ||
| 650 | _aEDUCACIÓN EN LA PRIMERA INFANCIA | ||
| 650 | _aJARDINES INFANTILES | ||
| 650 |
_aEDUCACIÓN PREESCOLAR _xLIBROS DE TEXTO |
||
| 650 |
_aEDUCACIÓN PREESCOLAR _xESTUDIOS Y EJERCICIOS |
||
| 700 | 1 |
_aFung, Wi-Hen _eil. |
|
| 700 | 1 |
_aCid, Henri _eil. |
|
| 700 | 1 |
_aDel Jesús de la Rosa, María _edir. ed. |
|
| 910 | _a00144 | ||
| 942 |
_2ddc _cBK |
||
| 945 | _aRemanejado para la BNPHU / 2018 VM | ||
| 956 |
_aYngrid Lockward _b10 |
||
| 999 |
_c7913 _d7913 |
||